One Piece Four Emperor's Crew Members - Statistics

General Stats
  • This quiz has been taken 947 times
  • The average score is 59 of 102
Answer Stats
Straw Hat Grand Fleet Answer % Correct
Captain Monkey D. Luffy
99%
Navigator Nami
98%
Swordsman Roronoa Zoro
98%
Cook Vinsmoke Sanji
98%
Musician Brook
97%
Shipwright Franky
97%
Archaeologist Nico Robin
97%
Doctor Tony Tony Chopper
97%
Sniper Usopp
96%
Helmsman Jinbe
94%
Emperor Buggy
93%
Greatest Swordsman Dracule Mihawk
91%
Admiral Marshall D. Teach
91%
Captain Shanks
91%
Sir Crocodile
89%
Emperor Kaidou
87%
9th Titanic Captain Doc Q
86%
Barto Club Rep. Bartolomeo
85%
Sniper Yasopp
85%
All-Star King
84%
All-Star Queen
83%
Beautiful Pirates Rep. Cavendish
82%
Wax Wax Fruit Galdino
82%
Smooth Smooth Fruit Alvida
81%
First Mate Benn Beckman
81%
Captain Charlotte Linlin
80%
Captain Edward Newgate
80%
2nd Division Portgas D. Ace
79%
Sweet Commander Charlotte Katakuri
78%
All-Star Jack
78%
1st Division Marco
78%
Tontatta Pirates Rep. Leo
74%
1st Titanic Captain Jesus Burgess
73%
Sweet Commander Charlotte Cracker
72%
Dice Dice Fruit Daz Bonez
72%
Sweet Commander Charlotte Smoothie
70%
Cook Lucky Roux
70%
10th Titanic Captain Kuzan
69%
Tobiroppo* X Drake
68%
Tobiroppo Black Maria
66%
2nd Titanic Captain Shiryu
66%
Headliner (Supernova) Basil Hawkins
65%
Tobiroppo Ulti
65%
Tobiroppo Who's Who
65%
Minister of Candy Charlotte Perospero
64%
6th Titanic Captain Catarina Devon
62%
Ideo Pirates Rep. Ideo
62%
3rd Division Jozu
62%
New Giant Warrior Pirates Rep. Hajrudin
61%
Supernova Scratchmen Apoo
61%
3rd Titanic Captain Van Augur
61%
5th Titanic Captain Laffitte
60%
Tobiroppo Page One
60%
Happo Navy Rep. Sai
59%
Mirror Mirror Fruit Charlotte Brulee
58%
Minister of Chocolate Charlotte Pudding
57%
Minister of Browned Food Charlotte Oven
56%
8th Titanic Captain Vasco Shot
56%
4th Titanic Captain Avalo Pizarro
55%
7th Titanic Captain Sanjuan Wolf
55%
Cloud Homie Zeus
55%
2nd Division (Former) Kozuki Oden
54%
5th Division Vista
54%
Cat Mink Nekomamushi
51%
Acrobat Cabaji
50%
Lion Richie
50%
4th Division Thatch
50%
Dog Mink Inuarashi
49%
Yonta Maria Grand Fleet Rep. Orlumbus
49%
16th Division Izo
46%
Lion Mink Pekoms
46%
Sun Homie Prometheus
46%
Sword Homie Napoleon
45%
Tobiroppo Sasaki
45%
Beast Tamer Mohji
44%
Horse Stronger
43%
Minister of Beans Charlotte Daifuku
42%
Egg Egg Fruit Baron Tamago
41%
Supernova Bege Capone
40%
Minister of Cheese Charlotte Mont D'Or
39%
Sweet Commander (Former) Charlotte Snack
37%
Minister of Whipped Cream Charlotte Opera
33%
Headliner Speed
30%
Minister of Galette Charlotte Galette
28%
6th Division Blamenco
20%
Tree Homie Kingbaum
19%
8th Division Namur
17%
Headliner Babanuki
16%
Penguin Camel
15%
10th Division Curiel
14%
13th Division Atmos
13%
Headliner Daifugo
13%
15th Division Fossa
13%
12th Division Haruta
13%
Rabbit Randolph
12%
14th Division Speed Jiru
12%
9th Division Blenheim
11%
Pile Pile Fruit Charlotte Newshi
11%
11th Division Kingdew
11%
7th Division Rakuyo
11%
Headliner Holed'em
10%
Headliner Bao Huang
7%
No matching quizzes found
Score Distribution
Percent of People with Each Score
Percentile by Number Answered
Your Score History
You have not taken this quiz